000 00424nam a2200169Ia 4500
008 230711s9999||||xx |||||||||||||| ||und||
020 _a978-81-224-3090-5
041 _aENG
082 _a621
_bWA-H
100 _aWadhwa,C.L
245 0 _aHigh voltage engineering
250 _a3rd . Ed.
260 _c2007
_aNew Delhi
_bNew Age International Publishers
300 _a271
650 _aElectrical Engineering
942 _cBK
999 _c2373
_d2373